• 首页
  • 本馆介绍
  • 公告通知
  • 最新文献
  • 馆藏检索
  • 电子资源
  • 读者导购
  • 参考咨询
  • 我的图书馆
  • 登录
  • 详细信息显示
  • 放入我的书架
  • 预约/预借图书
  • 作者相关作品
  • 分类相关作品
  • 丛书相关作品
  • 出版社相关作品

书目信息

  • 表格格式
  • 工作单格式
  • 卡片格式
题名:
中国语言资源集·河北·口头文化卷
    
 
作者: 吴继章 主编
分册:  
出版信息: 北京   商务印书馆  2025
页数: 418页
开本: 25cm
丛书名:
单 册:
中图分类: H17
科图分类:
主题词: 汉语方言
电子资源:
ISBN: 7-100-24970-8
000 00611nam0 2200193 450
001 2553445398
005 20251217145530.59
010    @a7-100-24970-8@dCNY178.00
100    @a20251217d2025 km y0chiy0120 ea
101 0  @achi
102    @aCN@b110000
200 1  @a中国语言资源集·河北·口头文化卷@AZhong Guo Yu Yan Zi Yuan Ji·He Bei·Kou Tou Wen Hua Juan@f吴继章主编@FWu Ji Zhang Zhu Bian
210    @a北京@c商务印书馆@d2025
215    @a418页@d25cm
606 0  @a汉语方言
690    @aH17@v4
701  0 @a吴继章@AWu Ji Zhang@4主编
801  0 @aCN@b大连网信软件有限公司图书馆·11@c20251217
905    @aZUCC@dH17@e148
    
    中国语言资源集·河北·口头文化卷/吴继章主编.-北京:商务印书馆,2025
    418页;25cm
    
    
    ISBN 7-100-24970-8:CNY178.00
    
●
相关链接 在E读中查询图书 在五车中查询图书 在当当中查询图书 在豆瓣中查询图书


正题名:中国语言资源集·河北·口头文化卷     索取号:H17/148         预约/预借

序号 登录号 条形码 馆藏地/架位号 状态 备注
1 1442139   214421393   第二样本阅览室/ [索取号:H17/148] 已借出,限还日期为2035.12.17
借出人:刘巍  
 
唐山师范学院图书馆 欢迎您!
大连网信软件有限公司© 版权所有